La volonte de puissance (Record no. 113159)

MARC details
000 -LEADER
campo de control de longitud fija 00651nam a2200193 i 4500
001 - NÚMERO DE CONTROL
campo de control 113159
003 - IDENTIFICADOR DE NÚMERO DE CONTROL
campo de control ES-MaACL
005 - FECHA Y HORA DE LA ÚLTIMA TRANSACCIÓN
campo de control 20230906185759.0
007 - CAMPO FIJO DE DESCRIPCIÓN FÍSICA--INFORMACIÓN GENERAL
campo de control de longitud fija t|
008 - DATOS DE LONGITUD FIJA--INFORMACIÓN GENERAL
campo de control de longitud fija 061121s1903 fr r ||||1| fre d
100 1# - ENTRADA PRINCIPAL--NOMBRE DE PERSONA
Nombre de persona Nietzsche, Friedrich,
Fechas asociadas al nombre 1844-1900
9 (RLIN) 85718
245 13 - MENCIÓN DEL TÍTULO
Título La volonte de puissance
Resto del título : essai d'une transmutation de toutes les valeurs : (etudes et fragments) /
Mención de responsabilidad, etc. Friedrich Nietzsche ; traduit par Henri Albert.
260 ## - PUBLICACIÓN, DISTRIBUCIÓN, ETC.
Lugar de publicación, distribución, etc. Paris :
Nombre del editor, distribuidor, etc. Mercure de France,
Fecha de publicación, distribución, etc. 1903.
300 ## - DESCRIPCIÓN FÍSICA
Extensión 2 v. ;
Dimensiones 19 cm.
650 04 - PUNTO DE ACCESO ADICIONAL DE MATERIA--TÉRMINO DE MATERIA
Término de materia o nombre geográfico como elemento de entrada Nihilismo (Filosofía)
9 (RLIN) 15540
700 1# - ENTRADA AGREGADA--NOMBRE PERSONAL
Nombre de persona Albert, Henri.
9 (RLIN) 19310
852 ## - LOCALIZACIÓN
Ubicación ES-MaACL
Número de control de estantería F-8855-56
Holdings
Estatus retirado Estado de pérdida Estado de daño No para préstamo Biblioteca de origen Biblioteca actual Ubicación en estantería Fecha de adquisición Fuente de adquisición Total de préstamos Signatura topográfica completa Código de barras Visto por última vez Precio de reemplazo Tipo de ítem Koha
        Biblioteca del Ateneo de Madrid Biblioteca del Ateneo de Madrid Sala Pecera Planta 2 17/01/2008     F-8855-56 1118031 23/02/2023 23/02/2023 Libro impreso